| 000 | 01069 a2200289 4500 | ||
|---|---|---|---|
| 999 |
_c7129 _d7129 |
||
| 020 | _a9780520285774 (cloth : alk. paper) | ||
| 020 | _a0520285778 (cloth : alk. paper) | ||
| 020 | _a9780520285781 (pbk. : alk. paper) | ||
| 020 | _a0520285786 (pbk. : alk. paper) | ||
| 050 | 0 | 0 | _aCB245.NAD 2015 |
| 100 |
_aNader Laura _eeditor |
||
| 245 | 0 | 0 |
_aWhat the rest think of the West : _bsince 600 AD / _cSelected and with commentary by Laura Nader. |
| 264 | 1 |
_aOakland, California : _bUniversity of California Press, _c2015 |
|
| 300 |
_axxiv, 444 pages : _bmaps, illustrations ; |
||
| 500 | _aIncludes bibliographical references and index. | ||
| 504 | _aIncludes bibliographical references and index. | ||
| 650 | 0 |
_aCivilization, Western _xPublic opinion. |
|
| 650 | 0 | _aPublic opinion | |
| 650 | 0 | _aPublic opinion | |
| 650 | 0 | _aPublic opinion | |
| 650 | 0 | _aPublic opinion | |
| 651 | 0 | _aUnited States | |
| 651 | 0 | _aUnited States | |
| 700 | 1 |
_aNader, Laura, _eeditor. |
|
| 942 |
_2lcc _cBK _h245 _iNAD _kCB |
||